00256nam a22000977a 4500082001500000100001200015245008600027300001100113526002200124650001200146 aP-11bP-11 aManzoor aSelection of site for sapper officers' housing scheme at RisalpurcManzoor, Afzal a130p.: a0b0c0dP_11_P11 aProject